PATRES LATINI. GODEFRIDI BULLONII EPISTOLAE ET DIPLOMATA TOMUS 155. (Record no. 262689)
[ view plain ]
| 000 -LEADER | |
|---|---|
| fixed length control field | 01227nam a2200229Ia 4500 |
| 001 - CONTROL NUMBER | |
| control field | L208-3502 |
| 003 - CONTROL NUMBER IDENTIFIER | |
| control field | IT-CnALBA |
| 008 - FIXED-LENGTH DATA ELEMENTS--GENERAL INFORMATION | |
| fixed length control field | 170116s9999||||xx |||||||||||||| ||und|| |
| 040 ## - CATALOGING SOURCE | |
| Original cataloging agency | IT-CnALBA |
| Transcribing agency | IT-CnALBA |
| 041 ## - LANGUAGE CODE | |
| Language code of text/sound track or separate title | LATINO |
| 999 ## - SYSTEM CONTROL NUMBERS (KOHA) | |
| Koha Dewey Subclass [OBSOLETE] | SI |
| 100 ## - MAIN ENTRY--PERSONAL NAME | |
| Personal name | BELORGEY DOM GODEFROID, MONACO. ABATE. |
| 245 #0 - TITLE STATEMENT | |
| Title | PATRES LATINI. GODEFRIDI BULLONII EPISTOLAE ET DIPLOMATA TOMUS 155. |
| 250 ## - EDITION STATEMENT | |
| Edition statement | 1a ed. |
| 260 ## - PUBLICATION, DISTRIBUTION, ETC. (IMPRINT) | |
| Place of publication, distribution, etc. | PARIS, BELGIO. |
| Name of publisher, distributor, etc. | BREPOLS EDIT. PONTIF. |
| Date of publication, distribution, etc. | n.d. |
| 300 ## - PHYSICAL DESCRIPTION | |
| Extent | 2132 p. |
| 500 ## - GENERAL NOTE | |
| General note | TRADIZIONE CATTOLICA SECOLO XII. SUPERVISORE P. MIGNE. GOSCELINO MONACO: VITA BREVE DI S. AGOSTINO APOSTOLO DELL'INGHILTERRA. VITA BREVE DI S. AGOSTINO. STORIA DELLA TRASLAZIONE. VITA DI S. IVONE. VITA DI S. VEREBURGA. VITA DI S. EDITA. ELOGIO DI S. LOREN |
| 501 ## - WITH NOTE | |
| With note | Società San Paolo EM - Piazza San Paolo, 14 - 12051 ALBA (CN) (non commercial uses only) ® Copyright 2017 |
| 520 ## - SUMMARY, ETC. | |
| Summary, etc. | TRADIZIONE CATTOLICA SECOLO XII. SUPERVISORE P. MIGNE. GOSCELINO MONACO: VITA BREVE DI S. AGOSTINO APOSTOLO DELL'INGHILTERRA. VITA BREVE DI S. AGOSTINO. STORIA DELLA TRASLAZIONE. VITA DI S. IVONE. VITA DI S. VEREBURGA. VITA DI S. EDITA. ELOGIO DI S. LOREN |
| 650 ## - SUBJECT ADDED ENTRY--TOPICAL TERM | |
| Topical term or geographic name as entry element | PADRI E SCRITTORI ECCLESIASTICI |
| 942 ## - ADDED ENTRY ELEMENTS (KOHA) | |
| Koha item type | LIBRO |
| 957 ## - | |
| -- | 1 |
| 999 ## - SYSTEM CONTROL NUMBERS (KOHA) | |
| -- | Copie: 1 |
| Withdrawn status | Lost status | Damaged status | Not for loan | Home library | Current library | Date acquired | Total Checkouts | Full call number | Date last seen | Price effective from | Koha item type | Public note |
|---|---|---|---|---|---|---|---|---|---|---|---|---|
| Buone Condizioni | Not For Loan | ALBA - Biblioteca | ALBA - Biblioteca | 16/01/2017 | L208-3502 | 16/01/2017 | 16/01/2017 | LIBRO | (data import: 16 gennaio 2017) - By Epidotti, Vaglietti. |